Jehad, Jang aur dehshat gardi (Record no. 4106)
[ view plain ]
| 000 -LEADER | |
|---|---|
| fixed length control field | 00543nam a22002177a 4500 |
| 003 - CONTROL NUMBER IDENTIFIER | |
| control field | Nust |
| 005 - DATE AND TIME OF LATEST TRANSACTION | |
| control field | 20170105101620.0 |
| 008 - FIXED-LENGTH DATA ELEMENTS--GENERAL INFORMATION | |
| fixed length control field | 161227b xxu||||| |||| 00| 0 eng d |
| 020 ## - INTERNATIONAL STANDARD BOOK NUMBER | |
| International Standard Book Number | 9789699370112 (hbk) |
| 040 ## - CATALOGING SOURCE | |
| Transcribing agency | Nust |
| 041 ## - LANGUAGE CODE | |
| Language code of original | Urdu |
| 082 ## - DEWEY DECIMAL CLASSIFICATION NUMBER | |
| Classification number | 297.04 |
| Author Mark | MUJ |
| 100 ## - MAIN ENTRY--PERSONAL NAME | |
| Personal name | Mujtaba Muhammad Rathor |
| 245 ## - TITLE STATEMENT | |
| Title | Jehad, Jang aur dehshat gardi |
| 247 ## - FORMER TITLE | |
| Title | جہاد،جنگ اور دہشت گردی |
| 260 ## - PUBLICATION, DISTRIBUTION, ETC. | |
| Place of publication, distribution, etc. | Islamabad: |
| Name of publisher, distributor, etc. | narratives, |
| Date of publication, distribution, etc. | 2012. |
| 300 ## - PHYSICAL DESCRIPTION | |
| Extent | 170p. |
| 650 ## - SUBJECT ADDED ENTRY--TOPICAL TERM | |
| Topical term or geographic name entry element | Islam |
| 650 ## - SUBJECT ADDED ENTRY--TOPICAL TERM | |
| Topical term or geographic name entry element | Jehad |
| 942 ## - ADDED ENTRY ELEMENTS (KOHA) | |
| Source of classification or shelving scheme | |
| Koha item type | Book |
| Withdrawn status | Lost status | Source of classification or shelving scheme | Damaged status | Not for loan | Collection code | Permanent Location | Current Location | Shelving location | Date acquired | Total Checkouts | Total Renewals | Full call number | Barcode | Date last seen | Date last checked out | Copy number | Price effective from | Koha item type |
|---|---|---|---|---|---|---|---|---|---|---|---|---|---|---|---|---|---|---|
| Central Library (CL) | Central Library (CL) | First Floor - Islam | 12/27/2016 | 1 | 2 | 297.04 MUJ | CL2327 | 11/21/2021 | 07/02/2018 | 1 | 12/27/2016 | Book |
